Tropical plant science / (Record no. 66475)
[ view plain ]
| 000 -LEADER | |
|---|---|
| fixed length control field | 00884nam a2200289 a 4500 |
| 001 - CONTROL NUMBER | |
| control field | 66475 |
| 003 - CONTROL NUMBER IDENTIFIER | |
| rucl marc code | BD-RjUL |
| 005 - DATE AND TIME OF LATEST TRANSACTION | |
| control field | 20211209081539.0 |
| 008 - FIXED-LENGTH DATA ELEMENTS--GENERAL INFORMATION | |
| fixed length control field | 170316s1987 enka b 001 0 eng |
| 020 ## - INTERNATIONAL STANDARD BOOK NUMBER | |
| International Standard Book Number | 0582647053 (pbk.) |
| International Standard Book Number | 047020916X (Wiley : pbk.) |
| 035 ## - SYSTEM CONTROL NUMBER | |
| System control number | (BD-RjUL)66605 |
| 040 ## - CATALOGING SOURCE | |
| Original cataloging agency | DLC |
| Transcribing agency | DLC |
| Modifying agency | BD-RjUL |
| Language of cataloging | eng |
| 041 ## - LANGUAGE CODE | |
| Language code of text/sound track or separate title | eng |
| 082 00 - DEWEY DECIMAL CLASSIFICATION NUMBER | |
| Classification number | 581 |
| Edition number | 23 |
| Author mark and year | BET 1987 |
| 100 1# - MAIN ENTRY--PERSONAL NAME | |
| Personal name | Berrie, G. K. |
| 9 (RLIN) | 196741 |
| 245 10 - TITLE STATEMENT | |
| Title | Tropical plant science / |
| Statement of responsibility, etc. | G.K. Berrie, A. Berrie and J.M.O. Eze. |
| 260 ## - PUBLICATION, DISTRIBUTION, ETC. (IMPRINT) | |
| Place of publication, distribution, etc. | New York : |
| Name of publisher, distributor, etc. | Copublished in the United States with J. Wiley & Sons, |
| Date of publication, distribution, etc. | 1987. |
| 300 ## - PHYSICAL DESCRIPTION | |
| Pagination | vi, 410 p. : |
| Illustrations | ill. ; |
| Size | 24 cm. |
| 504 ## - BIBLIOGRAPHY, ETC. NOTE | |
| Bibliography, etc | Includes bibliographies and index. |
| 650 #0 - SUBJECT ADDED ENTRY--TOPICAL TERM | |
| Topical term or geographic name as entry element | Botany. |
| 9 (RLIN) | 196742 |
| Topical term or geographic name as entry element | Botany |
| Geographic subdivision | Tropics. |
| 9 (RLIN) | 196743 |
| 700 1# - ADDED ENTRY--PERSONAL NAME | |
| Personal name | Berrie, A. |
| Personal name | Eze, J. M. O. |
| 942 ## - ADDED ENTRY ELEMENTS (KOHA) | |
| Source of classification or shelving scheme | Dewey Decimal Classification |
| Koha item type | Books |
| Lost status | Source of classification or shelving scheme | Damaged status | Not for loan | Collection code | Permanent Location | Current Location | Shelving location | Date acquired | Source of acquisition | Cost, normal purchase price | Total Checkouts | Full call number | Date last seen | Copy number | Koha item type |
|---|---|---|---|---|---|---|---|---|---|---|---|---|---|---|---|
| Dewey Decimal Classification | Not For Loan | Non-fiction | Central Library, University of Rajshahi | Central Library, University of Rajshahi | Reading Room | 19/04/1997 | Ideal library Dhaka | 202.00 | 581 BET 1987 | 16/03/2017 | C-1 | Books |